| 000 | 00590nam a22001937a 4500 | ||
|---|---|---|---|
| 999 |
_c10315 _d10315 |
||
| 003 | AR-CdUCM | ||
| 008 | 190329b ||||| |||| 00| 0 spa d | ||
| 040 |
_aMUNICIPALIDAD PROVINCIAL DEL CUSCO _cBIBLIOTECA MUNICIPAL DEL CUSCO |
||
| 082 |
_aES / 800 / _bL14 |
||
| 100 |
_aLacier, Joseph _927111 |
||
| 245 | _aHistoria de Los Deportes / | ||
| 260 |
_aBarcelona : _bBruguera ; _c1962. |
||
| 300 |
_a255 páginas ; _bIlustraciones _c20cm |
||
| 440 |
_aColección Historias _927112 |
||
| 505 | _aContenido: Literatura | ||
| 650 |
_aLiteratura _9416 |
||
| 942 |
_2ddc _cLIBROS |
||
| 945 | _anom | ||